Presidents of Guatemala by Picture - Statistics

General Stats
  • This quiz has been taken 12 times
  • The average score is 34 of 55
Answer Stats
Picture Hint Answer % Correct
1982-1983 Efraín Ríos Montt
91%
2016-2020 Jimmy Morales
91%
2020-2024 Alejandro Giammattei
82%
1996-2000 Álvaro Arzú
82%
2024-Present Bernardo Arévalo
82%
1951-1954 Jacobo Árbenz
82%
1945-1951 Juan José Arévalo
82%
2008-2012 Álvaro Colom
73%
1991-1993 Jorge Serrano Elías
73%
1931-1944 Jorge Ubico
73%
1993-1996 Ramiro de León Carpio
73%
1986-1991 Vinicio Cerezo
73%
2015-2016 Alejandro Maldonado
64%
2000-2004 Alfonso Portillo
64%
1954-1957 Carlos Castillo Armas
64%
1954 Carlos Enrique Díaz de León
64%
1970-1974 Carlos Manuel Arana Osorio
64%
1826 Cirilo Flores Estrada
64%
1963-1966 Enrique Peralta Azurdia
64%
1978-1982 Fernando Romeo Lucas García
64%
1957-1958 Guillermo Flores Avendaño
64%
1993 Gustavo Adolfo Espina Salguero
64%
1944 Juan Fedrico Ponce Vaides
64%
1966-1970 Julio César Méndez Montenegro
64%
1974-1978 Kjell Eugenio Laugerud García
64%
1958-1963 Miguel Ydígoras Fuentes
64%
2004-2008 Óscar Berger
64%
1983-1986 Óscar Humberto Mejía Víctores
64%
1957 Óscar Mendoza Azurdia
64%
2012-2015 Otto Pérez Molina
64%
1844-1848 | 1851-1865 Rafael Carrera
64%
1885 Alejandro M. Sinibaldi
55%
1848-1849 José Bernardo Escobar
55%
1921-1926 José María Orellana
55%
1892-1898 José María Reina Barrios
55%
1842 José Venancio López
55%
1873-1885 Justo Rufino Barrios
55%
1926-1930 Lázaro Chacón González
55%
1898-1920 Manuel Estrada Cabrera
55%
1827-1829 Mariano de Aycinena y Piñol
55%
1831-1838 Mariano Gálvez
55%
1838-1839 | 1839-1842 | 1842-1844 Mariano Rivera Paz
55%
1871-1873 Miguel García Granados
55%
1865 Pedro de Aycinena y Piñol
55%
1865-1871 Vicente Cerna y Cerna
55%
1930 Baudilio Palma
45%
1920-1921 Carlos Herrera y Luna
45%
1829 José Francisco Barrundia y Cepeda
45%
1931 José María Reina Andrade
45%
1848 Juan Antonio Martínez
45%
1885-1892 Manuel Barillas
45%
1930-1931 Manuel María Orellana Contreras
45%
1838 Pedro Jose Valenzuela y Jáuregui
45%
1829-1831 Pedro Molina Mazariegos
45%
1839 Carlos Salazar Castro
36%
No matching quizzes found
Score Distribution
Percent of People with Each Score
Percentile by Number Answered
Your Score History
You have not taken this quiz